[Event "34. Bayerische Senioren EM"]
[Site "Bergen im Chiemgau"]
[Date "2024.05.28"]
[Round "1.1"]
[White "Huber, Walter"]
[Black "Röder, Frank"]
[Result "0-1"]
[BlackElo "2279"]
[BlackTeam "SV Altensittenbach"]
[Time "13:00:00"]
[PlyCount "98"]
[WhiteElo "1894"]
[WhiteTeam "SG Traunstein/Traunreut"]

1. c4 c6 2. Nf3 d5 3. b3 Bf5 4. g3 Nf6 5. Bb2 e6 6. Bg2 Nbd7 7. O-O Bd6 8. d3
O-O 9. Nbd2 Qe7 10. h3 e5 11. e4 dxe4 12. Nh4 Be6 13. dxe4 Ba3 14. Bxa3 Qxa3
15. Qc2 Rfd8 16. Rad1 a5 17. Nb1 Qc5 18. Nc3 b5 19. cxb5 cxb5 20. Qd3 Nf8 21.
Nd5 Bxd5 22. exd5 Ra7 23. Rc1 Qb6 24. Nf5 g6 25. Ne3 Ne6 26. Rc3 e4 27. Qd2 Nc7
28. Qc2 Ncxd5 29. Nxd5 Nxd5 30. Rc6 Qb7 31. Rd1 Raa8 32. Qc5 Nb4 33. Rxd8+ Rxd8
34. Rb6 Rd5 35. Rxb7 Rxc5 36. Bxe4 Nxa2 37. Ra7 Nc3 38. Bd3 a4 39. bxa4 bxa4
40. Kf1 g5 41. Ke1 h5 42. Kd2 Kg7 43. Ra6 h4 44. g4 Kf8 45. Bc2 Rc4 46. Kd3 Rc7
47. Bxa4 Nd5 48. Ra5 Nf4+ 49. Kd2 Nxh3  0-1

[Event "34. Bayerische Senioren EM"]
[Site "Bergen im Chiemgau"]
[Date "2024.05.28"]
[Round "1.2"]
[White "Himmel, Hansjörg"]
[Black "Jiritschka, Wolfgang"]
[Result "1-0"]
[BlackElo "1893"]
[BlackTeam "Bayer Leverkusen"]
[EventDate "2024.??.??"]
[PlyCount "57"]
[WhiteElo "2186"]
[WhiteTeam "SV Kamen"]

1. e4 c5 2. Nf3 Nc6 3. Bb5 g6 4. Bxc6 bxc6 5. d4 Bg7 6. dxc5 Qa5+ 7. c3 Qxc5 8.
Be3 Qb5 9. b3 Nf6 10. c4 Qa5+ 11. Bd2 Qc7 12. Nc3 O-O 13. Rc1 d6 14. h3 Bd7 15.
O-O a6 16. Re1 Rfd8 17. c5 dxc5 18. Na4 Be8 19. Qe2 Nd7 20. Bg5 Ne5 21. Nxc5
Nxf3+ 22. Qxf3 Bd4 23. Bf4 Qa7 24. Be3 Rac8 25. e5 Bxe3 26. Qxe3 Rd5 27. Rc4 f6
28. exf6 exf6 29. Qe6+  1-0

[Event "34. Bayerische Senioren EM"]
[Site "Bergen im Chiemgau"]
[Date "2024.05.28"]
[Round "1.3"]
[White "Michalek, Barbara"]
[Black "Pieper, Thomas"]
[Result "0-1"]
[BlackElo "2175"]
[BlackTeam "SC Gröbenzell"]
[EventDate "2024.??.??"]
[PlyCount "50"]
[WhiteElo "1891"]
[WhiteTeam "SK Lehrte"]

1. d4 Nf6 2. c4 g6 3. Nc3 Bg7 4. Nf3 O-O 5. g3 d6 6. Bg2 c5 7. e3 Nc6 8. O-O Bg4
9. Ne2 e5 10. h3 Bd7 11. d5 Na5 12. Nd2 b5 13. Qc2 e4 14. Rd1 bxc4 15. Nxc4 Bb5
16. Nxa5 Qxa5 17. Nc3 Bd3 18. Qd2 Qa6 19. f3 c4 20. fxe4 Rfe8 21. Qf2 Nd7 22.
Bd2 Rab8 23. Bc1 Nc5 24. a4 Rb3 25. Ra3 Rxa3  0-1

[Event "34. Bayerische Senioren EM"]
[Site "Bergen im Chiemgau"]
[Date "2024.05.28"]
[Round "1.4"]
[White "Hess, Christian"]
[Black "Desoye, Gernot"]
[Result "1-0"]
[BlackElo "1887"]
[BlackTeam "SF Graz AT"]
[EventDate "2024.??.??"]
[PlyCount "43"]
[WhiteElo "2159"]
[WhiteTeam "FC ST.Pauli"]

1. Nf3 c5 2. c4 Nf6 3. Nc3 Nc6 4. e3 e6 5. d4 cxd4 6. exd4 d5 7. c5 b6 8. b4
bxc5 9. bxc5 g6 10. Bb5 Bd7 11. Bxc6 Bxc6 12. Ne5 Rc8 13. Nxc6 Rxc6 14. Qa4 Qd7
15. Rb1 Be7 16. Rb8+ Bd8 17. Bg5 Ke7 18. O-O h6 19. Bf4 Nh5 20. Bd6+ Ke8 21.
Rfb1 Rxd6 22. cxd6  1-0

[Event "34. Bayerische Senioren EM"]
[Site "Bergen im Chiemgau"]
[Date "2024.05.28"]
[Round "1.5"]
[White "Blumenstock, Axel"]
[Black "Schatz, Christian"]
[Result "1/2-1/2"]
[BlackElo "2158"]
[BlackTeam "SC Postbauer-Heng"]
[Time "13:00:00"]
[PlyCount "177"]
[WhiteElo "1885"]
[WhiteTeam "SF Taunus"]

1. e4 c5 2. Nc3 Nc6 3. Bb5 g6 4. Nf3 Bg7 5. Bxc6 bxc6 6. O-O d6 7. h3 e5 8. d3
Ne7 9. Be3 f5 10. exf5 Nxf5 11. Bg5 Bf6 12. Bxf6 Qxf6 13. Ne4 Qe7 14. c3 O-O
15. Qd2 Ng7 16. Qg5 Qxg5 17. Nfxg5 h6 18. Nf3 Ne8 19. Nfd2 Rb8 20. b3 Be6 21.
c4 Bf5 22. Rfe1 Rf7 23. Nb1 Bxe4 24. dxe4 Nc7 25. Rd1 Rd7 26. Nc3 Ne6 27. Rd2
a5 28. Rad1 Nd4 29. f4 exf4 30. Ne2 Nxe2+ 31. Rxe2 Re8 32. Red2 Rxe4 33. Rxd6
Re1+ 34. Rxe1 Rxd6 35. Re5 Rd1+ 36. Kf2 Rd2+ 37. Kf3 Rxa2 38. Rxc5 g5 39. Rxc6
Ra3 40. Ra6 Rxb3+ 41. Kf2 Rc3 42. Rxa5 Rxc4 43. Ra7 Rc3 44. Rb7 Re3 45. Ra7 Re6
46. g3 Rf6 47. gxf4 Rxf4+ 48. Kg3 Rf7 49. Ra6 Kg7 50. h4 Rf4 51. hxg5 hxg5 52.
Rb6 Rf6 53. Rb7+ Kg6 54. Rb8 Re6 55. Rf8 Re3+ 56. Kg4 Re4+ 57. Kg3 Re1 58. Rg8+
Kf6 59. Rf8+ Kg7 60. Rb8 Re4 61. Rc8 Rf4 62. Rb8 Rh4 63. Rb7+ Kg6 64. Rb8 Rh1
65. Rg8+ Kf6 66. Rf8+ Kg7 67. Rb8 Rg1+ 68. Kf2 Rg4 69. Kf3 Rg1 70. Kf2 Ra1 71.
Rb6 Ra3 72. Rc6 Ra4 73. Kg3 Rf4 74. Rb6 Rf6 75. Rb7+ Kg6 76. Rb8 Rd6 77. Rg8+
Kf5 78. Rf8+ Rf6 79. Rb8 Rf7 80. Rb5+ Kg6 81. Rb8 Rf1 82. Rg8+ Kh6 83. Rh8+ Kg7
84. Rb8 Rg1+ 85. Kf2 {  3mal Stellungswiederholung}  85... Rc1 86. Kg3 Rc4 87.
Rb6 Rf4 88. Rc6 Rf6 89. Rc8  1/2-1/2

[Event "34. Bayerische Senioren EM"]
[Site "Bergen im Chiemgau"]
[Date "2024.05.28"]
[Round "1.6"]
[White "Dresen, Ulrich"]
[Black "Küspert, Erwin"]
[Result "1-0"]
[BlackElo "1884"]
[BlackTeam "DJK-SV Schaibing"]
[Time "13:00:00"]
[PlyCount "119"]
[WhiteElo "2122"]
[WhiteTeam "Elberfelder SG"]

1. d4 d6 2. e4 e5 3. dxe5 dxe5 4. Qxd8+ Kxd8 5. Bc4 f6 6. Be3 c6 7. Ne2 b5 8.
Bb3 Nd7 9. Nd2 Bc5 10. Nf1 Bxe3 11. Nxe3 Nc5 12. f3 Nxb3 13. axb3 Ne7 14. O-O
g5 15. c4 bxc4 16. bxc4 Be6 17. Nc3 Kc7 18. Na4 Rhd8 19. Nc5 Bc8 20. Rf2 Kb6
21. b4 h5 22. g3 Rd4 23. Re2 Rb8 24. Nb3 Rd3 25. Nc5 Rd4 26. Kf2 Ra8 27. Rb2
Rb8 28. Nb3 Rd3 29. c5+ Kb7 30. Ke2 Rd8 31. Rba2 Ra8 32. Na5+ Kc7 33. Nac4 a6
34. Nb6 Rb8 35. Rb2 Bb7 36. Nec4 Nc8 37. Nxc8 Kxc8 38. Nd6+ Kc7 39. Kd3 Rf8 40.
Kc3 Rg8 41. Rd2 Rgd8 42. Rad1 Ba8 43. Rf1 Rf8 44. f4 exf4 45. gxf4 g4 46. Re1
Rbd8 47. e5 fxe5 48. fxe5 Rd7 49. e6 Re7 50. Re5 Rf6 51. Rde2 Rf3+ 52. Kc2 Bb7
53. Nf5 Rxf5 54. Rxf5 h4 55. Rf7 Kd8 56. Rf8+ Kc7 57. Ref2 g3 58. hxg3 hxg3 59.
R2f7 Rxf7 60. exf7  1-0

[Event "34. Bayerische Senioren EM"]
[Site "Bergen im Chiemgau"]
[Date "2024.05.28"]
[Round "1.7"]
[White "Stephan, Hubert"]
[Black "Röder, Gerd"]
[Result "0-1"]
[BlackElo "2139"]
[BlackTeam "SV Altensittenbach"]
[EventDate "2024.??.??"]
[PlyCount "74"]
[WhiteElo "1878"]
[WhiteTeam "SC Prien"]

1. e4 c5 2. Nf3 Nc6 3. d4 cxd4 4. Nxd4 Nf6 5. Nc3 e5 6. Nf3 Bb4 7. Bd2 Bxc3 8.
Bxc3 Nxe4 9. Bxe5 Nxe5 10. Nxe5 Qa5+ 11. c3 Qxe5 12. Qe2 d6 13. O-O-O O-O 14.
Re1 Qf4+ 15. Kb1 Bf5 16. Ka1 Qxf2 17. Qxf2 Nxf2 18. Rg1 Ng4 19. h3 Ne5 20. Rd1
Bg6 21. Bb5 Rfd8 22. Rd4 Kf8 23. Rgd1 Ke7 24. g4 a6 25. Ba4 Rac8 26. h4 h5 27.
g5 Rc4 28. Re1 Kf8 29. Bb3 Rxd4 30. cxd4 Nf3 31. Rd1 Nxh4 32. Bd5 Rd7 33. Rc1
Nf5 34. Rc8+ Ke7 35. Rb8 Nxd4 36. Bxb7 Rc7 37. a3 Rc1+  0-1

[Event "34. Bayerische Senioren EM"]
[Site "Bergen im Chiemgau"]
[Date "2024.05.28"]
[Round "1.8"]
[White "Ernst, Michael"]
[Black "Lindner, Helmut"]
[Result "1-0"]
[BlackElo "1876"]
[BlackTeam "SC Prichsenstadt"]
[EventDate "2024.??.??"]
[PlyCount "95"]
[WhiteElo "2112"]
[WhiteTeam "Klosterneuburg"]

1. d4 d5 2. Bf4 Nf6 3. e3 Bf5 4. c4 c6 5. Nc3 e6 6. Qb3 b6 7. Nf3 Be7 8. h3 O-O
9. Be2 Nbd7 10. O-O Re8 11. Nh4 Bg6 12. Nxg6 hxg6 13. Rac1 Nf8 14. cxd5 exd5
15. Ba6 Qd7 16. Qa4 Bd6 17. Ne2 Bxf4 18. Nxf4 b5 19. Qc2 Rab8 20. Qxc6 Rb6 21.
Qxd7 N8xd7 22. Bc8 Rd6 23. Bxd7 Nxd7 24. Rc7 a6 25. Rfc1 Nf6 26. R1c6 Red8 27.
Nd3 Ne4 28. Rxd6 Rxd6 29. Ne5 Rf6 30. f3 Nd6 31. b3 Re6 32. Kf2 g5 33. Rc5 f6
34. Ng4 Kf7 35. Rxd5 Ke7 36. Rc5 Kd7 37. e4 Nb7 38. Rc2 Nd6 39. Ne3 g6 40. Nd5
Ne8 41. Ke3 Kd6 42. Nb4 Kd7 43. d5 Rd6 44. Rc6 Nc7 45. Rxd6+ Kxd6 46. g3 Kc5
47. Nd3+ Kd6 48. Kd4  1-0

[Event "34. Bayerische Senioren EM"]
[Site "Bergen im Chiemgau"]
[Date "2024.05.28"]
[Round "1.9"]
[White "Königl, Anton"]
[Black "Oechslein, Rainer"]
[Result "0-1"]
[BlackElo "2097"]
[BlackTeam "SK Schweinfurt"]
[Time "13:00:00"]
[PlyCount "110"]
[WhiteElo "1875"]
[WhiteTeam "FC Ergolding"]

1. e4 c5 2. Nf3 a6 3. a4 g6 4. c3 d5 5. exd5 Qxd5 6. d4 Bg7 7. Be3 cxd4 8. cxd4
e6 9. Nc3 Qa5 10. Be2 Ne7 11. O-O Nbc6 12. Qd2 O-O 13. Ne4 Qxd2 14. Nexd2 Nf5
15. Nb3 Nxe3 16. fxe3 Bh6 17. Kf2 Nb4 18. Rac1 Nd5 19. Rb1 Bxe3+ 20. Ke1 b6 21.
Ne5 Bf4 22. Nf3 Bd7 23. a5 Ba4 24. Nbd2 Ne3 25. Rg1 bxa5 26. g3 Nc2+ 27. Kf1
Be3 28. Rh1 Bxd2 29. Nxd2 Nxd4 30. Bd3 Rfd8 31. Kf2 Bb5 32. Be4 Rac8 33. Rbc1
a4 34. Ke3 e5 35. Rhd1 f5 36. Bd5+ Kg7 37. Bc4 Kf6 38. Ba2 Nc2+ 39. Kf2 Nb4 40.
Rxc8 Rxc8 41. Bb1 Nd3+ 42. Bxd3 Bxd3 43. Ke3 e4 44. Ra1 Bb5 45. Ra3 Ke5 46. Rc3
Rxc3+ 47. bxc3 g5 48. c4 f4+ 49. Ke2 Bc6 50. Nb1 Kd4 51. Na3 e3 52. gxf4 gxf4
53. Nc2+ Kxc4 54. Nxe3+ fxe3 55. Kxe3 a3  0-1

[Event "34. Bayerische Senioren EM"]
[Site "Bergen im Chiemgau"]
[Date "2024.05.28"]
[Round "1.10"]
[White "Gläser, Wilfried"]
[Black "Ries, Berthold"]
[Result "1-0"]
[BlackElo "1872"]
[BlackTeam "Vereinslos"]
[Time "13:00:00"]
[PlyCount "111"]
[WhiteElo "2081"]
[WhiteTeam "SK Anderten"]

1. Nf3 c5 2. g3 Nc6 3. Bg2 e5 4. O-O Nf6 5. c4 Be7 6. Nc3 O-O 7. d3 d6 8. Ne1
Bd7 9. a3 a5 10. Rb1 Qc8 11. Bg5 Bh3 12. Bxf6 Bxf6 13. Nd5 Bd8 14. Nc2 Bxg2 15.
Kxg2 Ne7 16. Nxe7+ Bxe7 17. Ne3 Qc6+ 18. Nd5 Rfb8 19. e4 Bf8 20. a4 b6 21. Ra1
Ra7 22. Qg4 Qc8 23. h3 Qxg4 24. hxg4 f6 25. Ra3 Rab7 26. Rb3 Kf7 27. f4 Ke6 28.
Rh1 h6 29. g5 hxg5 30. fxg5 fxg5 31. Rh8 Kf7 32. Kf3 g6 33. Kg4 Kg7 34. Rh2 Be7
35. Rc3 Rh8 36. Rxh8 Kxh8 37. Nxe7 Rxe7 38. Kxg5 Kg7 39. Rc2 Rf7 40. Rh2 Rf3
41. g4 Rxd3 42. Rh6 Rd4 43. Rxg6+ Kf7 44. b3 Ke7 45. Kf5 Kd7 46. Rg7+ Kc6 47.
g5 Rd3 48. Ke6 Re3 49. g6 Rxe4 50. Re7 Rg4 51. g7 Rg3 52. Kf7 Rf3+ 53. Ke8 Rg3
54. Kf8 d5 55. Re6+ Kd7 56. cxd5  1-0

[Event "34. Bayerische Senioren EM"]
[Site "Bergen im Chiemgau"]
[Date "2024.05.28"]
[Round "1.11"]
[White "Heiler, Karl"]
[Black "Jergler, Karl-Heinz"]
[Result "0-1"]
[BlackElo "2079"]
[BlackTeam "SC Rottal-Inn"]
[EventDate "2024.??.??"]
[PlyCount "54"]
[WhiteElo "1869"]
[WhiteTeam "TG Bad Waldsee 1848"]

1. e4 c5 2. Nf3 Nc6 3. b4 b6 4. b5 Nd4 5. Bb2 Bb7 6. Nc3 d6 7. Bc4 e6 8. O-O Nf6
9. d3 Be7 10. Nxd4 cxd4 11. Ne2 e5 12. f4 O-O 13. c3 d5 14. exd5 Nxd5 15. Qb3
Ne3 16. fxe5 Nxc4 17. Qxc4 Rc8 18. Qa4 dxc3 19. Nxc3 Qxd3 20. Rad1 Bc5+ 21. Kh1
Qg6 22. Nd5 Rcd8 23. Nf4 Qg4 24. Rxd8 Bxg2+ 25. Nxg2 Qxa4 26. Rxf8+ Kxf8 27. e6
f6  0-1

[Event "34. Bayerische Senioren EM"]
[Site "Bergen im Chiemgau"]
[Date "2024.05.28"]
[Round "1.12"]
[White "Kneutgen, Alexander"]
[Black "Niedermaier, Peter"]
[Result "1-0"]
[BlackElo "1864"]
[BlackTeam "SU Ebersberg-Grafing"]
[EventDate "2024.??.??"]
[PlyCount "75"]
[WhiteElo "2036"]
[WhiteTeam "SG Niederkassel"]

1. e4 c5 2. Nc3 d6 3. g3 Nc6 4. Bg2 Nf6 5. d3 g6 6. f4 Bg7 7. Nf3 Bg4 8. h3 Bd7
9. O-O Nh5 10. Kh2 Bh6 11. f5 Bg7 12. g4 Nf6 13. Be3 a6 14. Qd2 h6 15. fxg6
fxg6 16. Nh4 Ne5 17. Nf3 Nexg4+ 18. hxg4 Nxg4+ 19. Kh1 Nxe3 20. Qxe3 e6 21. Qf2
Qe7 22. Qg3 g5 23. Rae1 O-O-O 24. e5 d5 25. d4 c4 26. b3 cxb3 27. cxb3 Kb8 28.
Nxd5 exd5 29. e6+ Ka8 30. exd7 Qxd7 31. Ne5 Qc7 32. Qd3 Bxe5 33. dxe5 Qa5 34.
e6 Qxa2 35. e7 Rde8 36. Qxd5 Rb8 37. e8=Q Rhxe8 38. Rxe8  1-0

[Event "34. Bayerische Senioren EM"]
[Site "Bergen im Chiemgau"]
[Date "2024.05.28"]
[Round "1.13"]
[White "Hirstel, Serge"]
[Black "Ghijsen, Pim"]
[Result "1/2-1/2"]
[BlackElo "2057"]
[BlackTeam "VAS"]
[EventDate "2024.??.??"]
[PlyCount "37"]
[WhiteElo "1860"]
[WhiteTeam "Hindisheim France"]

1. e4 c5 2. Nf3 d6 3. Bb5+ Nd7 4. O-O Nf6 5. e5 dxe5 6. Nxe5 a6 7. Nxd7 Nxd7 8.
Be2 e6 9. d4 Qc7 10. Nc3 Nf6 11. Be3 cxd4 12. Qxd4 Bd6 13. h3 O-O 14. Rfd1 Be5
15. Qc5 Bd7 16. Qxc7 Bxc7 17. Bf3 Bc6 18. Bxc6 bxc6 19. Na4  1/2-1/2

[Event "34. Bayerische Senioren EM"]
[Site "Bergen im Chiemgau"]
[Date "2024.05.28"]
[Round "1.14"]
[White "Keller, Harald"]
[Black "Huber, Herbert"]
[Result "1/2-1/2"]
[BlackElo "1858"]
[BlackTeam "SK Wasserburg"]
[Time "13:00:00"]
[PlyCount "117"]
[WhiteElo "2052"]
[WhiteTeam "SV Rottweil"]

1. e4 c5 2. Nc3 Nc6 3. g3 g6 4. Bg2 Bg7 5. d3 e6 6. Nh3 Nge7 7. O-O O-O 8. Be3
b6 9. Qd2 Bb7 10. Bh6 d5 11. Bxg7 Kxg7 12. Nf4 dxe4 13. Nxe4 e5 14. Nh3 Qc7 15.
f4 Nd4 16. fxe5 Qxe5 17. Rae1 Qc7 18. Nf4 h6 19. Rf2 Rad8 20. Ref1 Nd5 21. h4
Nxf4 22. Rxf4 f5 23. Nc3 Ne6 24. Ra4 Qxg3 25. Rxa7 Rf7 26. Qf2 Qxg2+ 27. Qxg2
Bxg2 28. Rxf7+ Kxf7 29. Kxg2 Rd4 30. Rh1 c4 31. Ne2 Rg4+ 32. Kf2 cxd3 33. cxd3
Kf6 34. Rh3 Ke5 35. Re3+ Kd6 36. Rh3 Nc5 37. Ke3 Ne6 38. Kf2 Ra4 39. a3 Ra8 40.
Ke3 Re8 41. Kd2 f4 42. Nc3 Nc5 43. Nb5+ Kc6 44. Nd4+ Kd5 45. Nb5 Re7 46. Nc3+
Ke5 47. b4 Nb3+ 48. Kc2 Nd4+ 49. Kd2 Rf7 50. Rh1 g5 51. hxg5 hxg5 52. Ne4 Rg7
53. Rh5 Kf5 54. Nf2 Kg6 55. Rh8 Re7 56. Rg8+ Kf5 57. Rf8+ Kg6 58. Rg8+ Kf5 59.
Rf8+  1/2-1/2

[Event "34. Bayerische Senioren EM"]
[Site "Bergen im Chiemgau"]
[Date "2024.05.28"]
[Round "1.15"]
[White "Mitschka, Manfred"]
[Black "Neubauer, Jaroslaus"]
[Result "0-1"]
[BlackElo "2046"]
[BlackTeam "SK Schweinfurt"]
[Time "13:00:00"]
[PlyCount "114"]
[WhiteElo "1857"]
[WhiteTeam "SK Neuburg"]

1. d4 d5 2. Nf3 Nf6 3. c4 e6 4. e3 Be7 5. Nc3 O-O 6. cxd5 exd5 7. Bd3 c6 8. O-O
Nbd7 9. b3 Re8 10. Bb2 Nf8 11. Qc2 Ng6 12. h3 Bd6 13. Na4 Nh5 14. Bxg6 hxg6 15.
Nc5 Qf6 16. e4 dxe4 17. Rfe1 Bxh3 18. Rxe4 Bf5 19. Rxe8+ Rxe8 20. Qd2 Bf4 21.
Qd1 b6 22. Nd3 Qd6 23. Nxf4 Nxf4 24. Bc1 Bg4 25. Bxf4 Qxf4 26. Qd3 Bxf3 27.
gxf3 Rd8 28. Qe3 Qxd4 29. Qxd4 Rxd4 30. Rc1 c5 31. Rc2 f5 32. Kg2 Kf7 33. Re2
f4 34. Kh3 Kf6 35. Kg4 g5 36. Kh3 a5 37. Kg2 a4 38. bxa4 Rxa4 39. Rb2 Rb4 40.
Rc2 c4 41. a3 Ra4 42. Rb2 Ke5 43. Rxb6 Rxa3 44. Rc6 Kd4 45. Rd6+ Kc5 46. Rd8
Ra5 47. Kf1 c3 48. Rc8+ Kd4 49. Rd8+ Rd5 50. Rc8 Kd3 51. Ra8 Kd2 52. Re8 c2 53.
Re2+ Kc1 54. Re4 Kb2 55. Ke2 Rc5 56. Rb4+ Kc3 57. Ra4 Re5+  0-1

[Event "34. Bayerische Senioren EM"]
[Site "Bergen im Chiemgau"]
[Date "2024.05.28"]
[Round "1.16"]
[White "Kieffer, Joachim"]
[Black "Klüber, Werner"]
[Result "1/2-1/2"]
[BlackElo "1849"]
[BlackTeam "SC Prichsenstadt"]
[Time "13:00:00"]
[PlyCount "70"]
[WhiteElo "2040"]
[WhiteTeam "SK Bruckmühl"]

1. e4 d5 2. exd5 Qxd5 3. Nc3 Qd8 4. d4 c6 5. Bc4 e6 6. Nf3 Nf6 7. O-O Be7 8. Re1
O-O 9. Qe2 Re8 10. Bd2 Nd5 11. Ne4 Nd7 12. Bb3 Nf8 13. c4 Nf6 14. Nc3 b6 15.
Rad1 Ba6 16. Ne5 Qc8 17. Ba4 Bb7 18. Bf4 Rd8 19. a3 a6 20. Bc2 c5 21. dxc5 Bxc5
22. Rxd8 Qxd8 23. Rd1 Qe8 24. Ba4 Qc8 25. h3 Ng6 26. Nxg6 hxg6 27. b4 Bf8 28.
Rc1 Bc6 29. Be3 Qb7 30. Bxc6 Qxc6 31. Qd3 Bd6 32. Ne2 Bc7 33. Nd4 Qd6 34. f4
Rd8 35. Qe2 Nh5  1/2-1/2

[Event "34. Bayerische Senioren EM"]
[Site "Bergen im Chiemgau"]
[Date "2024.05.28"]
[Round "1.17"]
[White "Bartl, Bruno"]
[Black "Beutelhoff, Josef"]
[Result "1/2-1/2"]
[BlackElo "2032"]
[BlackTeam "SF Olfen"]
[EventDate "2024.??.??"]
[PlyCount "62"]
[WhiteElo "1845"]
[WhiteTeam "SK Bruckmühl"]

1. c4 Nf6 2. Nc3 e5 3. g3 d5 4. cxd5 Nxd5 5. Bg2 Nb6 6. d3 Be7 7. Nf3 Nc6 8. O-O
Be6 9. Bd2 O-O 10. a4 a5 11. Nb5 f6 12. Qc2 Qd7 13. Rfc1 Rfc8 14. d4 exd4 15.
Nbxd4 Nxd4 16. Nxd4 Qxd4 17. Bxb7 c5 18. Bxc8 Nxc8 19. Be3 Qb4 20. Bxc5 Bxc5
21. Qxc5 Qxc5 22. Rxc5 Ne7 23. Rd1 Ra7 24. e4 Kf7 25. f4 Ke8 26. Kf2 Bd7 27.
Ke3 Nc8 28. b3 Ne7 29. Rd6 Rb7 30. Rd3 Ra7 31. Rdc3 Kd8  1/2-1/2

[Event "34. Bayerische Senioren EM"]
[Site "Bergen im Chiemgau"]
[Date "2024.05.28"]
[Round "1.18"]
[White "Schrems, Hermann"]
[Black "Loibl, Johann"]
[Result "1-0"]
[BlackElo "1841"]
[BlackTeam "ÖSTERREICH"]
[Time "13:00:00"]
[PlyCount "91"]
[WhiteElo "2032"]
[WhiteTeam "SC Emmendingen"]

1. d4 Nf6 2. Nf3 d5 3. g3 e6 4. Bg2 c5 5. O-O Nc6 6. a3 cxd4 7. Nxd4 Be7 8. c4
Qb6 9. Nxc6 bxc6 10. Nc3 a5 11. Na4 Qc7 12. Be3 O-O 13. Rc1 Qb7 14. Qc2 Bd7 15.
cxd5 cxd5 16. Nc5 Bxc5 17. Bxc5 Rfc8 18. Qd2 Ne4 19. Bxe4 dxe4 20. Bd4 Qd5 21.
Bc3 Qxd2 22. Bxd2 a4 23. Rfd1 Rxc1 24. Rxc1 Rc8 25. Bc3 f5 26. Rd1 Rc7 27. Kf1
Kf7 28. h4 h5 29. Ke1 g6 30. Rd4 Ke7 31. Kd2 Bb5 32. Rb4 Rb7 33. Ke3 Bc6 34.
Rc4 Kd7 35. Kf4 Bb5 36. Rd4+ Ke7 37. Kg5 Be8 38. e3 Ra7 39. Rb4 Kf7 40. Be5 Ke7
41. Rb6 Kf7 42. Rb4 Ke7 43. Bb8 Ra8 44. Rb7+ Kd8 45. Be5 Rc8 46. Bf6#  1-0

[Event "34. Bayerische Senioren EM"]
[Site "Bergen im Chiemgau"]
[Date "2024.05.28"]
[Round "1.19"]
[White "Stronk, Klaus"]
[Black "Fischer, Gerd"]
[Result "0-1"]
[BlackElo "2022"]
[BlackTeam "SC Ansbach"]
[EventDate "2024.??.??"]
[PlyCount "64"]
[WhiteElo "1836"]
[WhiteTeam "SK Freilassing"]

1. d4 Nf6 2. Nf3 d5 3. e3 e6 4. Bd3 c5 5. b3 cxd4 6. exd4 Nc6 7. Bb2 Bb4+ 8. c3
Bd6 9. Qe2 O-O 10. Ne5 Bxe5 11. dxe5 Nd7 12. f4 f5 13. O-O b6 14. Nd2 Rf7 15.
Nf3 h6 16. c4 Nb4 17. cxd5 Nxd5 18. Nd4 Nc5 19. Bc4 a6 20. Rad1 Qe8 21. Nxe6
Bxe6 22. Bxd5 Rc8 23. b4 Na4 24. Ba1 Rfc7 25. Bxe6+ Qxe6 26. Rd6 Qe8 27. Qe3
Rc2 28. Rfd1 Qh5 29. Qb3+ Kh7 30. Qe3 Nc3 31. Bxc3 R8xc3 32. R6d3 Qxd1+  0-1

[Event "34. Bayerische Senioren EM"]
[Site "Bergen im Chiemgau"]
[Date "2024.05.28"]
[Round "1.20"]
[White "Taube, Hubertus"]
[Black "Harke, Horst"]
[Result "1-0"]
[BlackElo "1830"]
[BlackTeam "SK Varel"]
[EventDate "2024.??.??"]
[PlyCount "62"]
[WhiteElo "2011"]
[WhiteTeam "SK Neuperlach"]

1. d4 d5 2. c4 c6 3. Nf3 Nf6 4. Nc3 e6 5. Bg5 Be7 6. e3 h6 7. Bh4 Nh7 8. Bxe7
Qxe7 9. Qc2 Nd7 10. Bd3 Nhf6 11. O-O dxc4 12. Bxc4 Nd5 13. Rfe1 N7b6 14. Bf1
Bd7 15. a4 Rc8 16. a5 Na8 17. Ne5 Nxc3 18. bxc3 Nc7 19. Rab1 Nb5 20. Nxd7 Qxd7
21. c4 Nd6 22. c5 Nf5 23. a6 b5 24. cxb6 axb6 25. Rxb6 O-O 26. g3 Nd6 27. Bg2
Qd8 28. Rxc6 Rxc6 29. Qxc6 Qb8 30. a7 Qb2 31. a8=Q Nb5  1-0

[Event "34. Bayerische Senioren EM"]
[Site "Bergen im Chiemgau"]
[Date "2024.05.28"]
[Round "1.21"]
[White "Klein, Gernot"]
[Black "Beckers, Manfred"]
[Result "1/2-1/2"]
[BlackElo "1997"]
[BlackTeam "SC Plüderhausen"]
[EventDate "2024.??.??"]
[PlyCount "60"]
[WhiteElo "1824"]
[WhiteTeam "PTSV Aachen"]

1. e4 e5 2. Nf3 Nf6 3. d4 Nxe4 4. Bd3 d5 5. Nxe5 Nc6 6. Nxc6 bxc6 7. O-O Be7 8.
Re1 Nf6 9. Nd2 O-O 10. h3 Re8 11. Nf3 c5 12. Bg5 c4 13. Bf1 Bb7 14. Ne5 c5 15.
c3 Qb6 16. Bxf6 Qxf6 17. Re3 Qd6 18. Qc2 cxd4 19. cxd4 Qb6 20. Rd1 f6 21. Nf3
Bd6 22. Rde1 Rxe3 23. Rxe3 g6 24. g3 Kf7 25. Bg2 Re8 26. Rxe8 Kxe8 27. Qd2 Kf7
28. Nh2 Bf8 29. Ng4 Qb4 30. Qc1 a5  1/2-1/2

[Event "34. Bayerische Senioren EM"]
[Site "Bergen im Chiemgau"]
[Date "2024.05.28"]
[Round "1.22"]
[White "Waltenberger, Udo"]
[Black "Trattner, Alfred"]
[Result "1-0"]
[BlackElo "1808"]
[BlackTeam "SV Holz Dohr Semriach"]
[Time "13:00:00"]
[PlyCount "107"]
[WhiteElo "1993"]
[WhiteTeam "SV Eiche Reichenbrand"]

1. Nf3 b6 2. g3 Bb7 3. Bg2 e5 4. O-O e4 5. Ne1 Nf6 6. c4 Bc5 7. Nc3 O-O 8. d3
Re8 9. Bg5 Bd4 10. Nxe4 Nc6 11. Rb1 h6 12. Nxf6+ Bxf6 13. Bxf6 Qxf6 14. b4 Rab8
15. Nf3 Qe7 16. b5 Ne5 17. Nxe5 Bxg2 18. Kxg2 Qxe5 19. Re1 c5 20. bxc6 dxc6 21.
Qa4 Qc7 22. d4 Re4 23. e3 Rd8 24. Red1 h5 25. Qc2 Rde8 26. Rbc1 h4 27. d5 c5
28. Qe2 Qd7 29. Rc3 Rg4 30. f3 Rg6 31. Rg1 hxg3 32. hxg3 Rh6 33. Kf1 Qh3+ 34.
Qg2 Qf5 35. Ke2 Qh7 36. Qf2 Rh2 37. Rg2 Rxg2 38. Qxg2 Qb1 39. Kd2 Qxa2+ 40. Rc2
Qb3 41. Qe2 b5 42. Qd3 Qb4+ 43. Ke2 a6 44. e4 f5 45. d6 fxe4 46. fxe4 bxc4 47.
Rxc4 Qb2+ 48. Kf3 Qf6+ 49. Kg2 Qe6 50. Rxc5 Rd8 51. e5 Qa2+ 52. Rc2 Qe6 53. Qc4
Kf7 54. Rf2+  1-0

[Event "34. Bayerische Senioren EM"]
[Site "Bergen im Chiemgau"]
[Date "2024.05.28"]
[Round "1.23"]
[White "Frey, Peter"]
[Black "Hartlieb, Jürgen"]
[Result "0-1"]
[BlackElo "1977"]
[BlackTeam "SC Grunbach"]
[Time "13:00:00"]
[PlyCount "142"]
[WhiteElo "1789"]
[WhiteTeam "SG Traunstein/Traunreut"]

1. e4 g6 2. Nf3 Bg7 3. Bc4 e6 4. d4 d5 5. exd5 exd5 6. Qe2+ Ne7 7. Bb3 O-O 8.
O-O Bg4 9. c3 h6 10. h3 Be6 11. Re1 Nd7 12. Bc2 Re8 13. Be3 Bf5 14. Bxf5 Nxf5
15. Qd3 c6 16. Nbd2 Qc7 17. Re2 Nf6 18. Rae1 Ne4 19. Nf1 Re6 20. Bc1 Rae8 21.
Ne5 Bxe5 22. dxe5 Kg7 23. b4 a5 24. c4 axb4 25. cxd5 cxd5 26. Ne3 Nxe3 27. Qxe3
g5 28. Bb2 Nc3 29. Bxc3 Qxc3 30. Qa7 R8e7 31. Re3 Qc4 32. Rd1 b6 33. Qa8 Rxe5
34. Rxe5 Rxe5 35. Qb8 Re6 36. Qa8 d4 37. Qd8 d3 38. Rxd3 Re1+ 39. Kh2 Qf4+ 40.
Rg3 Qxf2 41. Rf3 Qg1+ 42. Kg3 Re6 43. Qc7 Qe1+ 44. Kh2 Qe5+ 45. Qxe5+ Rxe5 46.
Rf2 f5 47. g3 Kf6 48. Kg2 Ke6 49. Kf3 Rc5 50. Re2+ Kd6 51. Rd2+ Rd5 52. Rc2
Rd3+ 53. Kf2 b3 54. axb3 Rxb3 55. Re2 Rd3 56. Re8 Kc5 57. Re6 b5 58. Rxh6 b4
59. h4 gxh4 60. gxh4 b3 61. Rg6 Rd1 62. Rg8 Kc4 63. h5 Rh1 64. Rc8+ Kd3 65.
Rd8+ Kc2 66. Rc8+ Kb1 67. Rb8 b2 68. Rh8 Kc2 69. Rc8+ Kd3 70. Rd8+ Ke4 71. Re8+
Kf4  0-1